Catmandu-SRU
view release on metacpan or search on metacpan
t/files/marcxml.xml view on Meta::CPAN
<datafield tag="100" ind1="1" ind2=" ">
<subfield code="a">DALIBARD, Jean</subfield>
</datafield>
<datafield tag="653" ind1=" " ind2="0">
<subfield code="a">DNA</subfield>
</datafield>
<datafield tag="653" ind1=" " ind2="0">
<subfield code="a">RNA</subfield>
</datafield>
<datafield tag="653" ind1=" " ind2="0">
<subfield code="a">Biophysics</subfield>
</datafield>
<datafield tag="653" ind1=" " ind2="0">
<subfield code="a">Computational Biology</subfield>
</datafield>
<datafield tag="653" ind1=" " ind2="0">
<subfield code="a">Models, Biological</subfield>
</datafield>
<datafield tag="653" ind1=" " ind2="0">
<subfield code="a">Nucleic acids</subfield>
</datafield>
<datafield tag="653" ind1=" " ind2="0">
<subfield code="a">Biophysics</subfield>
</datafield>
<datafield tag="653" ind1=" " ind2="0">
<subfield code="a">Computational biology</subfield>
</datafield>
<datafield tag="653" ind1=" " ind2="0">
<subfield code="a">Acides nucléiques</subfield>
</datafield>
<datafield tag="653" ind1=" " ind2="0">
<subfield code="a">Biophysique</subfield>
</datafield>
<datafield tag="653" ind1=" " ind2="0">
<subfield code="a">Bio-informatiqueCongresses</subfield>
</datafield>
<datafield tag="653" ind1=" " ind2="0">
<subfield code="a">Congresses.</subfield>
</datafield>
<datafield tag="653" ind1=" " ind2="0">
<subfield code="a">Congresses.</subfield>
</datafield>
<datafield tag="653" ind1=" " ind2="0">
<subfield code="a">Congrès</subfield>
</datafield>
<datafield tag="653" ind1=" " ind2="0">
<subfield code="a">Congrès</subfield>
</datafield>
<datafield tag="653" ind1=" " ind2="0">
<subfield code="a">Congresses</subfield>
</datafield>
<datafield tag="020" ind1=" " ind2=" ">
<subfield code="a">9780444520814 0444520813</subfield>
</datafield>
<datafield tag="260" ind1=" " ind2=" ">
<subfield code="b">Amsterdam : Elsevier,</subfield>
<subfield code="c">2005</subfield>
</datafield>
<datafield tag="520" ind1="3" ind2=" ">
<subfield code="a">This book is dedicated to the multiple aspects, that is, biological, physical and computational of DNA and RNA molecules. These molecules, central to vital processes, have been experimentally studied by molecular biologists for...
</datafield>
<datafield tag="852" ind1=" " ind2=" ">
<subfield code="a">ULB</subfield>
<subfield code="u">942924</subfield>
</datafield>
<datafield tag="852" ind1=" " ind2=" ">
<subfield code="a">ULg</subfield>
<subfield code="u">ALEPH_ULG000469807</subfield>
</datafield>
</record>
</recordData><recordPosition>8</recordPosition></record>
<record><recordSchema>info:srw/schema/1/marcxml-v1.1</recordSchema><recordPacking>xml</recordPacking><recordData><record xmlns="http://www.loc.gov/MARC21/slim">
<leader>00000nam 22 a 4500</leader>
<controlfield tag="001">6095696</controlfield>
<controlfield tag="005">20131218215219.0</controlfield>
<controlfield tag="008">s1996 xx eng||||||||||||||||| u</controlfield>
<datafield tag="245" ind1="1" ind2="4" >
<subfield code="a">Enzymology primer for recombinant DNA technology</subfield>
</datafield>
<datafield tag="246" ind1="0" ind2=" " >
<subfield code="a">Recombinant DNA technology</subfield>
</datafield>
<datafield tag="246" ind1="0" ind2=" " >
<subfield code="a">ENZYMOLOGY PRIMER FOR RECOMBINANT DNA TECHNOLOGY</subfield>
</datafield>
<datafield tag="100" ind1="1" ind2=" ">
<subfield code="a">Eun, Hyone-Myong</subfield>
</datafield>
<datafield tag="653" ind1=" " ind2="0">
<subfield code="a">Enzymes.</subfield>
</datafield>
<datafield tag="653" ind1=" " ind2="0">
<subfield code="a">Genetic engineering.</subfield>
</datafield>
<datafield tag="653" ind1=" " ind2="0">
<subfield code="a">Recombinant DNA.</subfield>
</datafield>
<datafield tag="020" ind1=" " ind2=" ">
<subfield code="a">9780122437403 0122437403</subfield>
</datafield>
<datafield tag="260" ind1=" " ind2=" ">
<subfield code="b">San Diego (Calif.) : Academic press,</subfield>
<subfield code="c">1996</subfield>
</datafield>
<datafield tag="520" ind1="3" ind2=" ">
<subfield code="a">Enzymes are indispensable tools in recombinant DNA technology and genetic engineering. This book not only provides information for enzymologists, but does so in a manner that will also aid nonenymologists in making proper use o...
</datafield>
<datafield tag="852" ind1=" " ind2=" ">
<subfield code="a">UGent</subfield>
<subfield code="u">rug01/000394251</subfield>
</datafield>
<datafield tag="852" ind1=" " ind2=" ">
( run in 2.625 seconds using v1.01-cache-2.11-cpan-d06a3f9ecfd )